[Event "FICGS class A 000029 email"]
[Site "FICGS email"]
[Date "2007.10.20"]
[Round "1"]
[White "Escobar, Telmo"]
[Black "Sobrecases, Guy"]
[Result "0-1"]
[WhiteElo "2055"]
[BlackElo "2015"]
[PlyCount "52"]
[EventDate "2007.??.??"]
[EventType "tourn (corr)"]
[EventRounds "6"]
[SourceTitle "Corr 2022"]
[Source "ChessBase"]
[SourceDate "2021.10.24"]
[SourceVersion "1"]
[SourceVersionDate "2021.10.24"]
[SourceQuality "1"]

1. d4 d5 2. c4 Nc6 3. Nc3 dxc4 4. Nf3 Nf6 5. e3 e5 6. Bxc4 exd4 7. exd4 Bg4 8. 0-0 Be7 9. d5 Nb8 10. Qb3 Bxf3 11. gxf3 0-0 12. Qxb7 Nbd7 13. Bf4 Bd6 14. Bg3 Nc5 15. Qc6 Rb8 16. Na4 Nfd7 17. b3 Ne5 18. Bxe5 Bxe5 19. Rfe1 Qg5+ 20. Kf1 Nxa4 21. Qxa4 Bxa1 22. Rxa1 Qf6 23. Re1 Qxf3 24. Re3 Qh1+ 25. Ke2 Qxh2 26. Qd7 Rbd8 0-1

[Event "FICGS class A 000029 email"]
[Site "FICGS email"]
[Date "2007.10.20"]
[Round "1"]
[White "Sobrecases, Guy"]
[Black "Fuller, William"]
[Result "1-0"]
[WhiteElo "2015"]
[BlackElo "2000"]
[PlyCount "57"]
[EventDate "2007.??.??"]
[EventType "tourn (corr)"]
[EventRounds "6"]
[SourceTitle "Corr 2022"]
[Source "ChessBase"]
[SourceDate "2021.10.24"]
[SourceVersion "1"]
[SourceVersionDate "2021.10.24"]
[SourceQuality "1"]

1. e4 c5 2. Nf3 d6 3. d4 cxd4 4. Nxd4 Nf6 5. Nc3 a6 6. Bc4 e6 7. Bb3 b5 8. 0-0 Be7 9. Qf3 Qc7 10. Qg3 g6 11. a3 Bb7 12. f3 0-0 13. f4 Nxe4 14. Nxe4 Bxe4 15. f5 Nc6 16. Nxc6 Qxc6 17. fxg6 hxg6 18. Bh6 d5 19. c3 Bd6 20. Qh4 f5 21. Bxf8 Rxf8 22. Qh6 Rf7 23. Rae1 Bc5+ 24. Kh1 Rh7 25. Qg5 Kg7 26. Rxe4 dxe4 27. h3 e3 28. Qg3 Kf6 29. Re1 1-0

[Event "FICGS class A 000029 email"]
[Site "FICGS email"]
[Date "2007.10.20"]
[Round "1"]
[White "Sobrecases, Guy"]
[Black "Korhonen, Marko"]
[Result "1-0"]
[WhiteElo "2015"]
[BlackElo "2065"]
[PlyCount "29"]
[EventDate "2007.??.??"]
[EventType "tourn (corr)"]
[EventRounds "6"]
[SourceTitle "Corr 2022"]
[Source "ChessBase"]
[SourceDate "2021.10.24"]
[SourceVersion "1"]
[SourceVersionDate "2021.10.24"]
[SourceQuality "1"]

1. e4 e5 2. Nf3 Nc6 3. Bb5 a6 4. Bxc6 dxc6 5. 0-0 Ne7 6. Nxe5 Qd4 7. Nf3 Qxe4 8. Re1 Qg6 9. Ne5 Qf5 10. d4 h5 11. Nc3 f6 12. Nc4 Be6 13. d5 Nxd5 14. Nxd5 0-0-0 15. Nce3 1-0

[Event "FICGS class C 000030 email"]
[Site "FICGS email"]
[Date "2007.09.30"]
[Round "1"]
[White "Bernal Varela, Nelson"]
[Black "Sobrecases, Guy"]
[Result "1-0"]
[WhiteElo "1936"]
[BlackElo "2015"]
[PlyCount "93"]
[EventDate "2007.??.??"]
[EventType "tourn (corr)"]
[EventRounds "4"]
[SourceTitle "Corr 2022"]
[Source "ChessBase"]
[SourceDate "2021.10.24"]
[SourceVersion "1"]
[SourceVersionDate "2021.10.24"]
[SourceQuality "1"]

1. e4 c5 2. Nf3 Nc6 3. d4 cxd4 4. Nxd4 Nf6 5. Nc3 e5 6. Ndb5 d6 7. Bg5 a6 8. Na3 b5 9. Nd5 Be7 10. Bxf6 Bxf6 11. c3 Ne7 12. Nxf6+ gxf6 13. Bd3 Bb7 14. Nc2 d5 15. f3 Qb6 16. Qe2 h5 17. 0-0-0 h4 18. Rd2 0-0-0 19. Rhd1 Kb8 20. Qe1 f5 21. exf5 f6 22. Kb1 Rdg8 23. Ne3 b4 24. Rc2 a5 25. Ng4 h3 26. g3 e4 27. Be2 d4 28. Bc4 bxc3 29. Ka1 Rxg4 30. fxg4 Qb4 31. Be6 cxb2+ 32. Rxb2 Qxe1 33. Rxe1 Kc7 34. Rc2+ Kd6 35. Rc4 d3 36. Rd4+ Kc5 37. Rd7 Bc6 38. Rc1+ Kb6 39. Rxe7 d2 40. Rb1+ Kc5 41. Bb3 Kd4 42. Re6 a4 43. Bd1 Bd5 44. Rxf6 Bc4 45. Rd6+ Ke3 46. g5 Bd3 47. g6 1-0

[Event "FICGS class C 000028 email"]
[Site "FICGS email"]
[Date "2007.09.10"]
[Round "1"]
[White "Haluschka, Rainer"]
[Black "Sobrecases, Guy"]
[Result "1-0"]
[WhiteElo "1948"]
[BlackElo "2015"]
[PlyCount "69"]
[EventDate "2007.??.??"]
[EventType "tourn (corr)"]
[EventRounds "4"]
[SourceTitle "Corr 2022"]
[Source "ChessBase"]
[SourceDate "2021.10.24"]
[SourceVersion "1"]
[SourceVersionDate "2021.10.24"]
[SourceQuality "1"]

1. d4 d5 2. c4 Nc6 3. cxd5 Qxd5 4. e3 e5 5. Nc3 Bb4 6. a3 Bxc3+ 7. bxc3 exd4 8. cxd4 Nf6 9. Nf3 Bf5 10. Be2 Be4 11. 0-0 0-0 12. Bb2 Rad8 13. Rc1 Rfe8 14. Rc5 Qd6 15. Nd2 Bd5 16. Bd3 Re7 17. Qe2 Qe6 18. Re1 Rde8 19. Qd1 Qd6 20. Nc4 Qe6 21. Ne5 Nxe5 22. dxe5 Ne4 23. Ra5 a6 24. f3 Bb3 25. Bc2 Rd7 26. Bd4 Bxc2 27. Qxc2 c5 28. Qxe4 cxd4 29. exd4 b5 30. Qe3 Qb6 31. Qd2 Red8 32. Re4 Rc7 33. h3 Rdc8 34. Kh2 Rc3 35. Rg4 1-0

[Event "FICGS class C 000028 email"]
[Site "FICGS email"]
[Date "2007.09.10"]
[Round "1"]
[White "Josse, Mark"]
[Black "Sobrecases, Guy"]
[Result "0-1"]
[WhiteElo "1872"]
[BlackElo "2015"]
[PlyCount "72"]
[EventDate "2007.??.??"]
[EventType "tourn (corr)"]
[EventRounds "4"]
[SourceTitle "Corr 2022"]
[Source "ChessBase"]
[SourceDate "2021.10.24"]
[SourceVersion "1"]
[SourceVersionDate "2021.10.24"]
[SourceQuality "1"]

1. e4 c5 2. Nf3 Nc6 3. d4 cxd4 4. Nxd4 Nf6 5. Nc3 e5 6. Ndb5 d6 7. Bg5 a6 8. Na3 b5 9. Nd5 Be7 10. Bxf6 Bxf6 11. c3 Ne7 12. Nxf6+ gxf6 13. Nc2 f5 14. exf5 Bxf5 15. Ne3 Be6 16. Bd3 d5 17. Qh5 e4 18. Be2 Qd6 19. Rd1 0-0-0 20. a4 b4 21. 0-0 Kb7 22. c4 d4 23. Qh4 Bd7 24. Nc2 Nc6 25. Qxe4 Rhe8 26. Qd3 Bf5 27. Qxf5 Rxe2 28. Rfe1 Qe7 29. Qd3 Rxe1+ 30. Nxe1 Re8 31. Kf1 Qe4 32. Qxe4 Rxe4 33. Nd3 Kc7 34. h3 Kd6 35. Re1 Rxe1+ 36. Kxe1 b3 0-1

[Event "FICGS W-ch st1 g18 email"]
[Site "FICGS email"]
[Date "2007.07.30"]
[Round "1"]
[White "Ang, Allen"]
[Black "Sobrecases, Guy"]
[Result "0-1"]
[WhiteElo "1700"]
[BlackElo "2015"]
[PlyCount "26"]
[EventDate "2007.??.??"]
[EventType "tourn (corr)"]
[EventRounds "8"]
[SourceTitle "Corr 2022"]
[Source "ChessBase"]
[SourceDate "2021.10.24"]
[SourceVersion "1"]
[SourceVersionDate "2021.10.24"]
[SourceQuality "1"]

1. c4 Nc6 2. Nf3 e5 3. Nc3 f5 4. d3 Nf6 5. g3 g6 6. Bg2 Bg7 7. 0-0 0-0 8. Be3 h6 9. h3 d6 10. Qb3 Kh7 11. Rac1 g5 12. Rfd1 f4 13. gxf4 exf4 0-1

[Event "FICGS W-ch st1 g18 email"]
[Site "FICGS email"]
[Date "2007.07.30"]
[Round "1"]
[White "Broccardo, Nicola"]
[Black "Sobrecases, Guy"]
[Result "0-1"]
[WhiteElo "1489"]
[BlackElo "2015"]
[PlyCount "116"]
[EventDate "2007.??.??"]
[EventType "tourn (corr)"]
[EventRounds "8"]
[SourceTitle "Corr 2022"]
[Source "ChessBase"]
[SourceDate "2021.10.24"]
[SourceVersion "1"]
[SourceVersionDate "2021.10.24"]
[SourceQuality "1"]

1. c4 Nc6 2. Nf3 e5 3. Nc3 f5 4. d4 e4 5. Bg5 Be7 6. Bxe7 Ncxe7 7. Nd2 e3 8. fxe3 Nf6 9. Qb3 0-0 10. g3 Ng4 11. Nd1 a5 12. Bg2 a4 13. Qa3 Qe8 14. 0-0 d6 15. Nf2 Qh5 16. Nxg4 Qxg4 17. Rf2 Qg5 18. Raf1 Rb8 19. c5 d5 20. Nf3 Qh6 21. Ne5 Be6 22. Rf3 Ra8 23. Qb4 Rfb8 24. Qc3 Re8 25. Qa3 Nc6 26. Nxc6 bxc6 27. h4 Bd7 28. R1f2 Rab8 29. Bh3 g6 30. Bg2 Re7 31. Rf1 Rbe8 32. Kf2 Qg7 33. Qxa4 h6 34. Qc2 g5 35. Qc1 Re4 36. hxg5 hxg5 37. Rd1 Qe7 38. Rd3 Kg7 39. Qc3 Kg6 40. Qd2 Bc8 41. a4 Ba6 42. Ra3 g4 43. Rf4 Rxf4+ 44. gxf4 Qh4+ 45. Kf1 Qh2 46. Qe1 Rh8 47. Ra1 Re8 48. Qf2 Rb8 49. Rb1 Rb3 50. Qg1 Qh4 51. a5 Qe7 52. e4 dxe4 53. Rd1 Rf3+ 54. Ke1 Qh4+ 55. Kd2 Rf2 56. Kc1 Qg3 57. Bf3 Qxf4+ 58. Rd2 g3 0-1

[Event "FICGS W-ch st1 g18 email"]
[Site "FICGS email"]
[Date "2007.07.30"]
[Round "1"]
[White "Sobrecases, Guy"]
[Black "Prcin, Ivo"]
[Result "1-0"]
[WhiteElo "2015"]
[BlackElo "1429"]
[PlyCount "63"]
[EventDate "2007.??.??"]
[EventType "tourn (corr)"]
[EventRounds "8"]
[SourceTitle "Corr 2022"]
[Source "ChessBase"]
[SourceDate "2021.10.24"]
[SourceVersion "1"]
[SourceVersionDate "2021.10.24"]
[SourceQuality "1"]

1. e4 e5 2. Nf3 Nc6 3. Bb5 a6 4. Bxc6 dxc6 5. 0-0 Qd6 6. d3 f6 7. Nbd2 Bg4 8. Nc4 Qd7 9. Ne3 Bh5 10. Nxe5 Bxd1 11. Nxd7 Kxd7 12. Rxd1 Bd6 13. d4 Re8 14. f3 Kc8 15. a3 Ne7 16. b4 b5 17. g3 Ng6 18. c4 bxc4 19. Nxc4 Rhf8 20. Ne3 h5 21. Ra2 h4 22. Nf5 hxg3 23. hxg3 Ne7 24. Nxg7 Bxg3 25. Nxe8 Rxe8 26. Rg2 Rg8 27. Be3 Bh4 28. Rxg8+ Nxg8 29. Kg2 Bg5 30. Bxg5 fxg5 31. Rc1 Kd7 32. Rc5 1-0

[Event "FICGS W-ch st1 g18 email"]
[Site "FICGS email"]
[Date "2007.07.30"]
[Round "1"]
[White "Sobrecases, Guy"]
[Black "Wilson, Norman"]
[Result "1-0"]
[WhiteElo "2015"]
[BlackElo "1555"]
[PlyCount "63"]
[EventDate "2007.??.??"]
[EventType "tourn (corr)"]
[EventRounds "8"]
[SourceTitle "Corr 2022"]
[Source "ChessBase"]
[SourceDate "2021.10.24"]
[SourceVersion "1"]
[SourceVersionDate "2021.10.24"]
[SourceQuality "1"]

1. e4 e6 2. d4 d5 3. Nc3 Nc6 4. Nf3 Nf6 5. Bg5 Be7 6. e5 Ne4 7. Bxe7 Qxe7 8. Bd3 Nxc3 9. bxc3 0-0 10. h4 Qa3 11. Bxh7+ Kxh7 12. Ng5+ Kg8 13. Rh3 f6 14. exf6 Rxf6 15. Qh5 Qb2 16. Qh7+ Kf8 17. Qh8+ Ke7 18. Qxg7+ Kd6 19. Qxf6 Qxa1+ 20. Kd2 Na5 21. Qf8+ Kd7 22. Rf3 Nc4+ 23. Ke2 b6 24. Rf7+ Kc6 25. Nxe6 Qxc3 26. Qe8+ Kb7 27. Rxc7+ Ka6 28. Qa4+ Na5 29. Rxc3 Bxe6 30. Rb3 Rb8 31. Qb5+ Kb7 32. Qxa5 1-0

[Event "FICGS class A 000025 email"]
[Site "FICGS email"]
[Date "2007.07.29"]
[Round "1"]
[White "Dolganiuc, Victor"]
[Black "Sobrecases, Guy"]
[Result "0-1"]
[WhiteElo "2000"]
[BlackElo "2015"]
[PlyCount "28"]
[EventDate "2007.??.??"]
[EventType "tourn (corr)"]
[EventRounds "6"]
[SourceTitle "Corr 2022"]
[Source "ChessBase"]
[SourceDate "2021.10.24"]
[SourceVersion "1"]
[SourceVersionDate "2021.10.24"]
[SourceQuality "1"]

1. e4 c5 2. Nf3 e6 3. d4 cxd4 4. Nxd4 Nf6 5. Nc3 Nc6 6. Nxc6 bxc6 7. e5 Nd5 8. Ne4 Qc7 9. f4 Qb6 10. c4 Bb4+ 11. Ke2 Ba6 12. Kf3 f5 13. exf6 Nxf6 14. Be3 Qb7 0-1

[Event "FICGS class A 000025 email"]
[Site "FICGS email"]
[Date "2007.07.29"]
[Round "1"]
[White "Marin Millan, Jose Antonio"]
[Black "Sobrecases, Guy"]
[Result "1-0"]
[WhiteElo "2088"]
[BlackElo "2015"]
[PlyCount "81"]
[EventDate "2007.??.??"]
[EventType "tourn (corr)"]
[EventRounds "6"]
[SourceTitle "Corr 2022"]
[Source "ChessBase"]
[SourceDate "2021.10.24"]
[SourceVersion "1"]
[SourceVersionDate "2021.10.24"]
[SourceQuality "1"]

1. e4 c5 2. Nf3 e6 3. d4 cxd4 4. Nxd4 Nf6 5. Nc3 Nc6 6. Ndb5 d6 7. Bf4 e5 8. Bg5 a6 9. Na3 b5 10. Bxf6 gxf6 11. Nd5 f5 12. Bd3 Qg5 13. exf5 Bb7 14. Be4 Qh4 15. 0-0 Rc8 16. Re1 Bh6 17. f6 Rb8 18. g3 Qh3 19. Nb4 Qd7 20. Bxc6 Bxc6 21. Qh5 Bb7 22. Qxh6 Qg4 23. Nd3 Qf3 24. Kf1 Rc8 25. Rac1 Rg8 26. Qe3 Qxf6 27. c4 Qf5 28. cxb5 Rg6 29. Rxc8+ Qxc8 30. Rc1 Qh3+ 31. Ke1 Kf8 32. b6 Qxh2 33. Rc7 Qh1+ 34. Kd2 Qd5 35. Kc2 a5 36. Nb1 Qh1 37. Nc3 Ba6 38. Ne4 Kg7 39. b7 Bxb7 40. Rxb7 a4 41. Rd7 1-0

[Event "FICGS class A 000025 email"]
[Site "FICGS email"]
[Date "2007.07.29"]
[Round "1"]
[White "Sobrecases, Guy"]
[Black "Bullerkotte, Frank"]
[Result "1-0"]
[WhiteElo "2015"]
[BlackElo "2022"]
[PlyCount "31"]
[EventDate "2007.??.??"]
[EventType "tourn (corr)"]
[EventRounds "6"]
[SourceTitle "Corr 2022"]
[Source "ChessBase"]
[SourceDate "2021.10.24"]
[SourceVersion "1"]
[SourceVersionDate "2021.10.24"]
[SourceQuality "1"]

1. e4 e6 2. d4 d5 3. Nd2 Nf6 4. e5 Nfd7 5. Bd3 c5 6. c3 Nc6 7. Ne2 cxd4 8. cxd4 f6 9. exf6 Nxf6 10. 0-0 Bd6 11. Nf3 0-0 12. Nc3 a6 13. Bg5 Qc7 14. Bh4 Nh5 15. Rc1 g6 16. Na4 1-0

[Event "FICGS class C 000018 email"]
[Site "FICGS email"]
[Date "2007.03.03"]
[Round "1"]
[White "Gaffagan, Steven"]
[Black "Sobrecases, Guy"]
[Result "0-1"]
[WhiteElo "2037"]
[BlackElo "1913"]
[PlyCount "22"]
[EventDate "2007.??.??"]
[EventType "tourn (corr)"]
[EventRounds "1"]
[SourceTitle "Corr 2022"]
[Source "ChessBase"]
[SourceDate "2021.10.24"]
[SourceVersion "1"]
[SourceVersionDate "2021.10.24"]
[SourceQuality "1"]

1. e4 c5 2. Nf3 e6 3. d4 cxd4 4. Nxd4 Nf6 5. Nc3 Nc6 6. Nxc6 bxc6 7. e5 Nd5 8. Ne4 Qc7 9. f4 Qb6 10. c4 Bb4+ 11. Ke2 Ba6 0-1

[Event "FICGS class C 000018 email"]
[Site "FICGS email"]
[Date "2007.03.03"]
[Round "1"]
[White "Mueller, Robert"]
[Black "Sobrecases, Guy"]
[Result "1-0"]
[WhiteElo "1969"]
[BlackElo "1913"]
[PlyCount "147"]
[EventDate "2007.??.??"]
[EventType "tourn (corr)"]
[EventRounds "1"]
[SourceTitle "Corr 2022"]
[Source "ChessBase"]
[SourceDate "2021.10.24"]
[SourceVersion "1"]
[SourceVersionDate "2021.10.24"]
[SourceQuality "1"]

1. e4 c5 2. Nf3 e6 3. d4 cxd4 4. Nxd4 Nf6 5. Nc3 Nc6 6. Ndb5 d6 7. Bf4 e5 8. Bg5 a6 9. Na3 b5 10. Nd5 Be7 11. Bxf6 Bxf6 12. c3 Ne7 13. Nxf6+ gxf6 14. Qf3 f5 15. exf5 Bxf5 16. Bd3 Be6 17. 0-0 f5 18. Qh5+ Bf7 19. Qh6 Rg8 20. g3 Qd7 21. Rfe1 Qe6 22. Qe3 Qc8 23. c4 b4 24. Nc2 Bxc4 25. Nxb4 Bxd3 26. Nxd3 Rg6 27. Nxe5 Re6 28. Rec1 Qb8 29. Nc6 Rxe3 30. Nxb8 Re2 31. Nc6 Rc8 32. Nxe7 Rxc1+ 33. Rxc1 Kxe7 34. Rc7+ Ke6 35. Rb7 h5 36. Kg2 d5 37. Kf3 Rc2 38. Rb6+ Ke5 39. a4 a5 40. Rb5 h4 41. gxh4 Rc4 42. Rxa5 Rxh4 43. Ra8 Rxh2 44. a5 Rh3+ 45. Kg2 Rh4 46. a6 Rg4+ 47. Kh3 Kd4 48. b4 Rg7 49. b5 Kc5 50. Rb8 Ra7 51. Kg3 d4 52. Kf4 d3 53. b6 Rxa6 54. b7 Kc6 55. Rd8 Kxb7 56. Rxd3 Ra5 57. Kg5 Kc7 58. f4 Rb5 59. Kf6 Ra5 60. Ke6 Kc8 61. Rg3 Kc7 62. Rg5 Ra6+ 63. Kxf5 Kd7 64. Rg6 Ra4 65. Rf6 Ke7 66. Kg6 Ra3 67. Rf7+ Ke8 68. f5 Rf3 69. Kg7 Rg3+ 70. Kf6 Rh3 71. Ra7 Rf3 72. Ra8+ Kd7 73. Rf8 Rf1 74. Kg7 1-0

[Event "FICGS class A 000011 email"]
[Site "FICGS email"]
[Date "2006.12.25"]
[Round "1"]
[White "Sobrecases, Guy"]
[Black "Marin Millan, Jose Antonio"]
[Result "1/2-1/2"]
[WhiteElo "2006"]
[BlackElo "2126"]
[PlyCount "129"]
[EventDate "2006.??.??"]
[EventType "tourn (corr)"]
[EventRounds "6"]
[SourceTitle "Corr 2022"]
[Source "ChessBase"]
[SourceDate "2021.10.24"]
[SourceVersion "1"]
[SourceVersionDate "2021.10.24"]
[SourceQuality "1"]

1. e4 e5 2. Nf3 Nc6 3. Bb5 a6 4. Ba4 Nf6 5. d4 exd4 6. 0-0 Be7 7. Re1 b5 8. Bb3 d6 9. Bd5 Nxd5 10. exd5 Ne5 11. Nxd4 0-0 12. Nc3 Re8 13. Ne4 Qd7 14. f4 Ng4 15. a4 Bb7 16. axb5 axb5 17. Rxa8 Rxa8 18. Ng3 Nf6 19. Ndf5 Bf8 20. b3 Nxd5 21. Qg4 Kh8 22. Bb2 f6 23. c4 bxc4 24. bxc4 Ra2 25. Re2 Qa4 26. cxd5 Rxb2 27. Rxb2 Qa1+ 28. Nf1 Qxb2 29. N5e3 Qa2 30. Qe6 Qa8 31. h4 c5 32. g4 Qd8 33. h5 Bc8 34. Qf7 Qe7 35. Qxe7 Bxe7 36. f5 Kg8 37. Nd2 Kf7 38. Kf2 Ke8 39. Kf3 Bd8 40. Ke4 Ke7 41. Nec4 Ba6 42. Ke3 Bc7 43. Ke4 Kd7 44. Ke3 Bb7 45. Ke4 Kd8 46. Nb3 Ba6 47. Nbd2 Bb5 48. Ke3 Ke7 49. Ke4 Ba6 50. Ke3 Bb8 51. Ke4 Bb5 52. Ke3 Ba4 53. Kd3 Bc7 54. Nb2 Be8 55. Nbc4 Bd7 56. Ke4 Ba4 57. Kd3 h6 58. Nb2 Bb5+ 59. Nbc4 Ba6 60. Ke4 Kd7 61. Ke3 Bb7 62. Ke4 Ke7 63. Nf3 Bc8 64. Nfd2 Ba6 65. Ke3 1/2-1/2

[Event "FICGS W-ch st1 g09 email"]
[Site "FICGS email"]
[Date "2006.07.01"]
[Round "1"]
[White "Vasquez, Fernando Jose Pinto"]
[Black "Sobrecases, Guy"]
[Result "1-0"]
[WhiteElo "1400"]
[BlackElo "2110"]
[PlyCount "61"]
[EventDate "2006.??.??"]
[EventType "tourn (corr)"]
[EventRounds "8"]
[SourceTitle "Corr 2022"]
[Source "ChessBase"]
[SourceDate "2021.10.24"]
[SourceVersion "1"]
[SourceVersionDate "2021.10.24"]
[SourceQuality "1"]

1. e4 c5 2. d4 cxd4 3. c3 d5 4. exd5 Qxd5 5. cxd4 Nc6 6. Nf3 Bg4 7. Nc3 Bxf3 8. Nxd5 Bxd1 9. Nc7+ Kd8 10. Nxa8 Bh5 11. Bg5 Nf6 12. f3 e6 13. Bxf6+ gxf6 14. Rd1 Bd6 15. d5 Ne5 16. Rc1 Ke7 17. f4 Bb4+ 18. Kf2 Ng4+ 19. Kg3 Rxa8 20. Be2 Rg8 21. Kh4 Nf2 22. Bxh5 Nxh1 23. g3 Nf2 24. Rc7+ Kd6 25. Rxb7 Bc5 26. b4 Bb6 27. Rxf7 exd5 28. Rxf6+ Ke7 29. Rh6 Rg7 30. Bf3 d4 31. f5 1-0

[Event "FICGS class A 000004 email"]
[Site "FICGS email"]
[Date "2006.05.04"]
[Round "1"]
[White "Sobrecases, Guy"]
[Black "Muller, Henri"]
[Result "0-1"]
[WhiteElo "2105"]
[BlackElo "2098"]
[PlyCount "68"]
[EventDate "2006.??.??"]
[EventType "tourn (corr)"]
[EventRounds "6"]
[SourceTitle "Corr 2024"]
[Source "ChessBase"]
[SourceDate "2023.10.19"]
[SourceVersion "1"]
[SourceVersionDate "2023.10.19"]
[SourceQuality "1"]

1. e4 c5 2. Nf3 d6 3. d4 cxd4 4. Nxd4 Nf6 5. Nc3 a6 6. Bc4 e6 7. Bb3 b5 8. Be3 Be7 9. f3 0-0 10. Qd2 Bb7 11. g4 Nc6 12. 0-0-0 Nd7 13. h4 Nc5 14. Nxc6 Bxc6 15. h5 a5 16. Ne2 a4 17. Bc4 bxc4 18. h6 Qa5 19. Nc3 a3 20. hxg7 axb2+ 21. Kb1 Na4 22. gxf8Q+ Bxf8 23. Ne2 c3 24. Qe1 Nb6 25. Nxc3 Nc4 26. a4 Bg7 27. Rd4 Bxd4 28. Bxd4 Qb4 29. Rxh7 Na3+ 30. Ka2 Qxd4 31. Kxb2 Nc4+ 32. Kb1 Kxh7 33. Qh4+ Kg7 34. Qg5+ Kf8 0-1

[Event "FICGS class A 000003 email"]
[Site "FICGS email"]
[Date "2006.04.22"]
[Round "1"]
[White "Sobrecases, Guy"]
[Black "Pintor, Manuel Abranches"]
[Result "0-1"]
[WhiteElo "2105"]
[BlackElo "2173"]
[PlyCount "68"]
[EventDate "2006.??.??"]
[EventType "tourn (corr)"]
[EventRounds "6"]
[SourceTitle "Corr 2022"]
[Source "ChessBase"]
[SourceDate "2021.10.24"]
[SourceVersion "1"]
[SourceVersionDate "2021.10.24"]
[SourceQuality "1"]

1. e4 e5 2. Nf3 Nc6 3. Bb5 a6 4. Ba4 Nf6 5. d4 exd4 6. 0-0 Nxe4 7. Re1 d5 8. Bg5 f6 9. Nxd4 Bc5 10. Nxc6 Bxf2+ 11. Kf1 Qd7 12. Nc3 bxc6 13. Nxe4 Bxe1 14. Nxf6+ gxf6 15. Qh5+ Kf8 16. Bh6+ Ke7 17. Rxe1+ Kd8 18. Bxc6 Qxc6 19. Bg7 Bd7 20. Bxh8 Kc8 21. Rd1 Kb7 22. Qxh7 Bg4 23. Rd3 Re8 24. Rb3+ Ka7 25. Rc3 Qb5+ 26. Kf2 Ka8 27. Qxc7 Qe2+ 28. Kg3 Bc8 29. Qc6+ Bb7 30. Qxf6 d4 31. Rf3 Qxc2 32. Bg7 Qc7+ 33. Kh3 Qd7+ 34. Kh4 d3 0-1

[Event "FICGS class C 000002 email"]
[Site "FICGS email"]
[Date "2006.04.16"]
[Round "1"]
[White "Laghetti, Gaetano"]
[Black "Sobrecases, Guy"]
[Result "1-0"]
[WhiteElo "1968"]
[BlackElo "2105"]
[PlyCount "49"]
[EventDate "2006.??.??"]
[EventType "tourn (corr)"]
[EventRounds "1"]
[SourceTitle "Corr 2022"]
[Source "ChessBase"]
[SourceDate "2021.10.24"]
[SourceVersion "1"]
[SourceVersionDate "2021.10.24"]
[SourceQuality "1"]

1. d4 Nf6 2. c4 e6 3. Nc3 c5 4. d5 exd5 5. cxd5 d6 6. e4 h6 7. f4 Nbd7 8. Nf3 g5 9. fxg5 Ng4 10. h3 Nge5 11. Bb5 Qe7 12. Nxe5 Qxe5 13. 0-0 hxg5 14. Qe2 f6 15. Rf5 Qe7 16. e5 dxe5 17. Ne4 Bg7 18. d6 Qe6 19. Qf1 Qd5 20. Rxf6 g4 21. Qf5 Qd1+ 22. Kh2 g3+ 23. Kxg3 Bxf6 24. Nxf6+ Kd8 25. Bg5 1-0

[Event "FICGS class C 000002 email"]
[Site "FICGS email"]
[Date "2006.04.16"]
[Round "1"]
[White "Schalkwijk, Peter"]
[Black "Sobrecases, Guy"]
[Result "0-1"]
[WhiteElo "2015"]
[BlackElo "2105"]
[PlyCount "76"]
[EventDate "2006.??.??"]
[EventType "tourn (corr)"]
[EventRounds "1"]
[SourceTitle "Corr 2022"]
[Source "ChessBase"]
[SourceDate "2021.10.24"]
[SourceVersion "1"]
[SourceVersionDate "2021.10.24"]
[SourceQuality "1"]

1. d4 Nf6 2. Nc3 d5 3. Nf3 c5 4. Bf4 Nc6 5. e3 Bg4 6. Be2 e6 7. Na4 cxd4 8. exd4 Bd6 9. Bxd6 Qxd6 10. c3 0-0 11. 0-0 Ne4 12. Nd2 Bxe2 13. Qxe2 Nxd2 14. Qxd2 b6 15. Rfe1 Rac8 16. Rad1 Na5 17. b3 Nb7 18. Nb2 Qa3 19. Ra1 Nd6 20. Re3 Rc7 21. Na4 Rfc8 22. f3 Nf5 23. Rd3 Rc6 24. Rc1 Nd6 25. Re1 Nb7 26. Ra1 b5 27. Nb2 Qe7 28. Nd1 a5 29. a4 b4 30. Ra2 Qh4 31. Rb2 Nd8 32. Rc2 Qe7 33. Rc1 Qc7 34. Qe3 Nb7 35. Qg5 Nd6 36. Qf4 Qb6 37. Kf1 Qa6 38. Qe3 bxc3 0-1

[Event "FICGS class C 000002 email"]
[Site "FICGS email"]
[Date "2006.04.16"]
[Round "1"]
[White "Sobrecases, Guy"]
[Black "Nucci, Luciano"]
[Result "1-0"]
[WhiteElo "2105"]
[BlackElo "2101"]
[PlyCount "93"]
[EventDate "2006.??.??"]
[EventType "tourn (corr)"]
[EventRounds "1"]
[SourceTitle "Corr 2022"]
[Source "ChessBase"]
[SourceDate "2021.10.24"]
[SourceVersion "1"]
[SourceVersionDate "2021.10.24"]
[SourceQuality "1"]

1. e4 c5 2. Nf3 d6 3. d4 cxd4 4. Nxd4 Nf6 5. Nc3 a6 6. Be3 e5 7. Nb3 Be6 8. Qd2 Be7 9. f3 0-0 10. 0-0-0 Nbd7 11. g4 Qc7 12. Kb1 Rfc8 13. h4 b5 14. h5 b4 15. Nd5 Bxd5 16. exd5 Nb6 17. Bxb6 Qxb6 18. g5 Nd7 19. g6 h6 20. gxf7+ Kxf7 21. Bh3 Rc7 22. Be6+ Ke8 23. Qg2 Bg5 24. f4 exf4 25. Bxd7+ Rxd7 26. Nd4 Kf8 27. Ne6+ Kg8 28. Nxg5 hxg5 29. Qxg5 Qe3 30. Rde1 Qg3 31. Qg6 Qxg6 32. hxg6 Rb7 33. Rh4 Rd8 34. Reh1 Kf8 35. Rxf4+ Kg8 36. Kc1 a5 37. Rfh4 Kf8 38. Re4 Kg8 39. Rc4 Rb5 40. Rh5 Rc5 41. Rxc5 dxc5 42. Kd2 Rd6 43. Rg5 Rf6 44. Kd3 Rf4 45. Re5 Kf8 46. c3 a4 47. Re4 1-0

[Event "FICGS class C 000001 email"]
[Site "FICGS email"]
[Date "2006.04.09"]
[Round "1"]
[White "Aalderink, Gerwin"]
[Black "Sobrecases, Guy"]
[Result "1-0"]
[WhiteElo "2036"]
[BlackElo "2105"]
[PlyCount "77"]
[EventDate "2006.??.??"]
[EventType "tourn (corr)"]
[EventRounds "1"]
[SourceTitle "Corr 2022"]
[Source "ChessBase"]
[SourceDate "2021.10.24"]
[SourceVersion "1"]
[SourceVersionDate "2021.10.24"]
[SourceQuality "1"]

1. e4 c5 2. c4 Nc6 3. Nc3 g6 4. g3 Bg7 5. Bg2 Nf6 6. Nge2 0-0 7. 0-0 d6 8. d3 Ne8 9. Be3 Nc7 10. d4 cxd4 11. Nxd4 Ne5 12. b3 Ng4 13. Bc1 Ne6 14. Nxe6 Bxe6 15. Bb2 Rc8 16. Qe2 Qa5 17. Nd5 Rfe8 18. Bxg7 Kxg7 19. Rad1 Qc5 20. h3 Ne5 21. Kh2 a6 22. f4 Nc6 23. b4 Qa7 24. e5 dxe5 25. fxe5 Qb8 26. Rde1 b5 27. c5 Red8 28. Nb6 Nxb4 29. a3 Nd3 30. Nxc8 Qxc8 31. Rd1 Nxc5 32. Rxd8 Qxd8 33. Qe3 Nd7 34. Qc3 Qb6 35. Rc1 Qf2 36. Rc2 Qf5 37. Re2 Bc4 38. Re1 Qf2 39. Rd1 1-0